Most Common Surnames in Malaysia - Statistics

General Stats
  • This quiz has been taken 39 times
  • The average score is 10 of 30
Answer Stats
Nationality Incidence Surname % Correct
Chinese 338,000 Lee
74%
Chinese 404,000 Tan
74%
Chinese 106,000 Chin
66%
Chinese 340,000 Lim
57%
Chinese 130,000 Chan
54%
Chinese 288,000 Wong
51%
Malay 83,000 bin Mohamad
49%
Malay 79,000 binti Mohamad
49%
Chinese 92,000 Che
46%
Indian 112,000 Ali
43%
Chinese 235,000 Wan
43%
Malay 197,000 bin Ahmad
37%
Malay 190,000 binti Ahmad
37%
Chinese 172,000 Chong
37%
Malay 199,000 bin Abdullah
34%
Malay 195,000 binti Abdullah
34%
Chinese 107,000 Ong
31%
Chinese 209,000 Ng
29%
Malay 202,000 bin Ismail
20%
Malay 196,000 binti Ismail
20%
Malay 98,000 Noor
14%
Malay 102,000 Nor
14%
Bangladeshi 156,000 Rahman
14%
Malay 111,000 bin Ibrahim
11%
Malay 110,000 binti Ibrahim
11%
Chinese 93,000 Yap
9%
Malay 87,000 bin Othman
6%
Malay 84,000 binti Othman
6%
Nigerian 80,000 Isa
3%
Malay 91,000 Yusof
3%
No matching quizzes found
Score Distribution
Percent of People with Each Score
Percentile by Number Answered
Your Score History
You have not taken this quiz